| 000 | 00429pab a2200145 454500 | ||
|---|---|---|---|
| 008 | 180718b1983 xxu||||| |||| 00| 0 eng d | ||
| 100 | _aJohnson, Arthur T. | ||
| 245 |
_aEquity in the public workplace _bRetrenchment, employment security and alternative placement |
||
| 260 | _c1983 | ||
| 300 | _a186-95 | ||
| 362 | _aSummer | ||
| 650 | _aPersonnel, Public - Placement | ||
| 773 | _aPublic Personnel Management | ||
| 909 | _a15009 | ||
| 999 |
_c15009 _d15009 |
||